|
|
|
|
| LEADER |
01792cas a2200241 a 4500 |
| 001 |
AALejournalIMF020038 |
| 008 |
230101c9999 xx r poo 0 0eng d |
| 020 |
|
|
|c 5.00 USD
|
| 020 |
|
|
|z 9781498338325
|
| 022 |
|
|
|a 2663-3493
|
| 040 |
|
|
|a BD-DhAAL
|c BD-DhAAL
|
| 110 |
2 |
|
|a International Monetary Fund.
|
| 245 |
1 |
0 |
|a Managing Volatility in Low-Income Countries :
|b The Role and Potential for Contingent Financial Instruments.
|
| 264 |
|
1 |
|a Washington, D.C. :
|b International Monetary Fund,
|c 2011.
|
| 300 |
|
|
|a 1 online resource (58 pages)
|
| 490 |
1 |
|
|a Policy Papers
|
| 500 |
|
|
|a <strong>Off-Campus Access:</strong> No User ID or Password Required
|
| 500 |
|
|
|a <strong>On-Campus Access:</strong> No User ID or Password Required
|
| 506 |
|
|
|a Electronic access restricted to authorized BRAC University faculty, staff and students
|
| 520 |
3 |
|
|a The paper examines the case for contingent financial instruments for low-income countries (LICs), from both the market and official sector. These include commodity price hedging instruments, contingent debt instruments (commodity-linked bonds, deferred repayment loans), and natural disaster insurance, for example. The paper considers the adequacy of the existing framework of ex post and ex ante support to LICs facing exogenous shocks, and examines the need for and possible constraints to greater availability of contingent instruments. Would there be a role for the international community, particularly the IMF and World Bank, in helping to address the constraints that limit development and use of these instruments?
|
| 538 |
|
|
|a Mode of access: Internet
|
| 830 |
|
0 |
|a Policy Papers; Policy Paper ;
|v No. 2011/089
|
| 856 |
4 |
0 |
|z Full text available on IMF
|u http://elibrary.imf.org/view/journals/007/2011/089/007.2011.issue-089-en.xml
|z IMF e-Library
|